| 000 | 01366cam a2200349 a 4500 | ||
|---|---|---|---|
| 001 | 725910 | ||
| 003 | CEME | ||
| 005 | 20210628201624.0 | ||
| 008 | 980406s1998 nyua 001 0 eng | ||
| 010 | _a 98021008 | ||
| 020 | _a0-07-058960-7 | ||
| 040 |
_aDLC _cDLC _dDLC |
||
| 050 | 0 | 0 |
_aQC320 _b.P55 1998 |
| 082 | 0 | 0 |
_a621.402/2 _221 |
| 100 | 1 |
_aPitts, Donald R.SISSOM, LEIGHTON E _956049 |
|
| 245 | 1 | 0 |
_aSchaum's outline of theory and problems of heat transfer / _cDonald R. Pitts, Leighton E. Sissom. |
| 246 | 3 | 0 | _aTheory and problems of heat transfer |
| 246 | 1 | 4 | _aHeat transfer |
| 250 | _a2nd ed. | ||
| 260 |
_aNew York : _bMcGraw-Hill, _cc1998. |
||
| 300 |
_avii, 365 p. : _bill. ; _c28 cm. |
||
| 490 | 0 | _aSchaum's outline series | |
| 500 | _aRev. ed. of: Schaum's outline of theory and problems of heat transfer. New York : McGraw-Hill, c1997. | ||
| 500 | _aIncludes index. | ||
| 650 | 0 |
_aHeat _xTransmission. _91537 |
|
| 650 | 0 |
_aHeat _xTransmission _xProblems, exercises, etc. _956050 |
|
| 700 | 1 |
_aSissom, Leighton E. _956051 |
|
| 856 | 4 | 2 |
_3Publisher description _uhttp://www.loc.gov/catdir/description/mh023/98021008.html |
| 856 | 4 | 1 |
_3Table of contents _uhttp://www.loc.gov/catdir/toc/mh022/98021008.html |
| 856 | 4 | 2 |
_3Contributor biographical information _uhttp://www.loc.gov/catdir/enhancements/fy0739/98021008-b.html |
| 942 |
_2ddc _cBK |
||
| 999 |
_c566589 _d566589 |
||